[Event "Groningen Open A"]
[Site "Groningen NED"]
[Date "2012.12.26"]
[Round "5.38"]
[White "De Jong,M"]
[Black "Van Foreest,Lucas"]
[Result "1-0"]
[WhiteElo "2372"]
[BlackElo "2003"]

1.d4 Nf6 2.Nf3 g6 3.c4 Bg7 4.Nc3 d6 5.e4 O-O 6.Be2 e5 7.d5 Na6 8.Nd2 Ne8
9.a3 f5 10.b4 Nf6 11.Bf3 f4 12.g4 fxg3 13.hxg3 c5 14.Rb1 b6 15.Nf1 Bd7 16.Bg5 h5
17.Ne3 Qe8 18.Ng2 Ng4 19.Qe2 Qf7 20.Nh4 Bf6 21.Bxf6 Qxf6 22.b5 Nc7 23.Rb3 Ne8
24.Nd1 Ng7 25.Bxg4 hxg4 26.Ne3 Nh5 27.Rh2 Qg5 28.Qd2 Rf7 29.Nf1 Qxd2+ 30.Nxd2 Kg7
31.a4 a6 32.bxa6 Rxa6 33.Nf5+ gxf5 34.Rxh5 Bxa4 35.Ra3 Kg6 36.Rh8 f4 37.Rd8 Rf6
38.gxf4 exf4 39.e5 dxe5 40.Ne4 Bb5 41.Rxa6 Bxa6 42.d6 Kf7 43.Nxf6 Kxf6 44.Ra8 Ke6
45.Rxa6  1-0

[Event "Groningen Open A"]
[Site "Groningen NED"]
[Date "2012.12.26"]
[Round "5.11"]
[White "Estremera Panos,S"]
[Black "Deviatkin,A"]
[Result "0-1"]
[WhiteElo "2367"]
[BlackElo "2569"]

1.d4 g6 2.c4 Bg7 3.e4 d6 4.Nc3 Nf6 5.Nf3 O-O 6.Be2 e5 7.O-O Nbd7 8.Be3 h6
9.dxe5 dxe5 10.h3 c6 11.c5 b6 12.cxb6 axb6 13.Qd6 Bb7 14.Rfd1 Re8 15.Qd2 Kh7
16.b4 Qe7 17.Rab1 Red8 18.Qc2 b5 19.Nd2 Nf8 20.a4 Ne6 21.axb5 cxb5 22.Nxb5 Rac8
23.Qb3 Nxe4 24.Nxe4 Bxe4 25.Rxd8 Rxd8 26.Rd1 Nd4 27.Nxd4 exd4 28.Bf4 Bxg2
29.Kxg2 Qxe2 30.b5 d3 31.Be3 d2 32.b6 Rd3 33.Rxd2 Qxd2 34.Qb5 Rxe3 35.b7 Re8  0-1

[Event "Czech Christmas Open"]
[Site "Litomysl CZE"]
[Date "2012.12.26"]
[Round "1.15"]
[White "Sabuk,P"]
[Black "Anaskin,Arsenij"]
[Result "1-0"]
[WhiteElo "2195"]
[BlackElo "1855"]

1.d4 Nf6 2.c4 g6 3.Nc3 Bg7 4.e4 d6 5.Nf3 O-O 6.Be2 e5 7.O-O Nbd7 8.Be3 Re8
9.d5 Nh5 10.Re1 Nf4 11.Bf1 Nf8 12.Nd2 g5 13.c5 N8g6 14.cxd6 cxd6 15.Rc1 Bd7
16.Qb3 b6 17.Nb5 Bxb5 18.Qxb5 g4 19.Nc4 h5 20.Qb3 h4 21.Qd1 Qd7 22.Na3 Rec8
23.Bb5 Qd8 24.Qxg4 h3 25.g3 Ng2 26.Rxc8 Rxc8 27.Rc1 Rc7 28.Bg5 Rxc1+ 29.Bxc1 Qf6
30.Bg5  1-0

[Event "5th Marseille Open"]
[Site "Marseille FRA"]
[Date "2012.12.26"]
[Round "2.18"]
[White "Malassagne,Isabelle"]
[Black "Collas,D"]
[Result "1/2-1/2"]
[WhiteElo "1909"]
[BlackElo "2401"]

1.d4 g6 2.c4 Bg7 3.Nc3 d6 4.Nf3 Nf6 5.e4 O-O 6.Be2 Nbd7 7.O-O e5 8.Be3 exd4
9.Nxd4 Re8 10.f3 c6 11.Qd2 d5 12.cxd5 cxd5 13.exd5 Nb6 14.Rad1 Nfxd5 15.Nxd5 Qxd5
16.b3 Bd7 17.Bf2 Re7 18.f4 Bf5 19.Qb4 Rae8 20.Bb5 Bd7 21.Nc6 Bxc6 22.Rxd5 Nxd5
23.Qc5 Bxb5 24.Qxb5 Nc3 25.Qc4 Re4 26.Qc7 Rxf4 27.g3 Rf5 28.Qd7 Rfe5 29.Bxa7 R5e7
30.Qd3 Nxa2 31.Bc5 Rc7 32.Bb6 Rce7 33.Kh1 Nc3 34.Bd4 Rd7 35.Qxc3 Bxd4 36.Qc4 Kg7
37.Rd1 Red8 38.Qb5 h5 39.b4 b6 40.Qe2 Rd6 41.b5 Bf6 42.Rxd6 Rxd6 43.Qc2 Bd4
44.Qe4 Bc5 45.Qe5+ Kf8 46.Qe2 Re6 47.Qd2 Rf6 48.Qd8+ Kg7 49.Qd1 Rf2 50.Qa1+ Kh7
51.Qe1 Rf5 52.Qb1 Re5 53.Qd1 Kg7 54.Qa1 f6 55.Qd1 f5 56.Qd2 Re4 57.Qd7+ Re7
58.Qd2 Re4 59.Qd7+ Kf6 60.Qd8+ Re7 61.Qh8+ Kg5 62.Qa1 h4 63.gxh4+ Kxh4 64.Qf6+ Kh3
65.Qa1 Kg4 66.Qd1+ Kg5 67.Qd8 Kf4 68.Qd2+ Re3 69.Qf2+ Ke5 70.Qh4 Kd5 71.Qd8+ Kc4
72.Qd7 Re7 73.Qc6 g5 74.Qf6 g4 75.Kg2 Re2+ 76.Kg3 Re3+ 77.Kg2 Rf3 78.h3 Rf2+
79.Kg3 gxh3 80.Kxh3 Kxb5 81.Kg3 Kb4 82.Qc6 b5 83.Qe6 f4+ 84.Kg4 Be3 85.Qe4+ Ka3
86.Qa8+ Kb2 87.Qa5 Rg2+ 88.Kf5 Rd2 89.Qxb5+ Kc3 90.Ke4 Rd4+ 91.Kf3 Rd3 92.Qa5+ Kc2
93.Qa2+ Kc3  1/2-1/2

[Event "Norberto La Porta Open A"]
[Site "Buenos Aires ARG"]
[Date "2012.12.27"]
[Round "9"]
[White "Varela,G"]
[Black "Real de Azua,E"]
[Result "1/2-1/2"]
[WhiteElo "2375"]
[BlackElo "2465"]

1.d4 Nf6 2.c4 g6 3.Nc3 Bg7 4.e4 d6 5.Nf3 O-O 6.Be2 Na6 7.O-O e5 8.Be3 Ng4
9.Bg5 Qe8 10.dxe5 dxe5 11.h3 h6 12.Bc1 Nf6 13.b3 Qe7 14.Nd5 Qd6 15.Qc2 c6
16.Nxf6+ Qxf6  1/2-1/2

[Event "XXIII Krakow Open"]
[Site "Krakow POL"]
[Date "2012.12.27"]
[Round "1.16"]
[White "Llopis de Aysa,M"]
[Black "Hansen,TR"]
[Result "0-1"]
[WhiteElo "2155"]
[BlackElo "2444"]

1.d4 Nf6 2.Nf3 g6 3.c4 Bg7 4.Nc3 O-O 5.e4 d6 6.Be2 e5 7.d5 a5 8.Bg5 h6 9.Bh4 Na6
10.Nd2 Qe8 11.O-O Nh7 12.a3 Bd7 13.b3 h5 14.f3 Bf6 15.Bf2 h4 16.Rb1 Bg5 17.b4 axb4
18.axb4 Qe7 19.c5 dxc5 20.bxc5 Nxc5 21.Nc4 Rfb8 22.d6 cxd6 23.Qxd6 Qxd6 24.Nxd6 Ne6
25.Bc4 h3 26.g3 Ra3 27.Rb3 Rxb3 28.Bxb3 b5 29.Nd5 Ra8 30.f4 Ra3 31.fxg5 Rxb3
32.Be3 Nexg5 33.Bxg5 Nxg5 34.Nf6+ Kg7 35.Nxd7 Nf3+ 36.Rxf3 Rxf3 37.Nxe5 Rc3
38.Nexf7 b4 39.Ng5 b3 40.Nb5 Rc1+ 41.Kf2 b2  0-1

[Event "XLII Rilton Cup"]
[Site "Stockholm SWE"]
[Date "2012.12.28"]
[Round "2.13"]
[White "Krasenkova,I"]
[Black "Kristiansen,Jen"]
[Result "0-1"]
[WhiteElo "2136"]
[BlackElo "2454"]

1.d4 Nf6 2.c4 d6 3.Nc3 Nbd7 4.e4 e5 5.Nf3 g6 6.Be2 Bg7 7.O-O O-O 8.Qc2 c6
9.d5 c5 10.a3 Ne8 11.Bd3 Bf6 12.Bh6 Ng7 13.b4 Be7 14.h3 b6 15.Rab1 Nf6 16.bxc5 bxc5
17.Rb2 Kh8 18.Qe2 Ng8 19.Bxg7+ Kxg7 20.Bc2 f5 21.Rfb1 Nf6 22.exf5 gxf5 23.Ba4 a6
24.Bc6 Ra7 25.Rb8 Nd7 26.R8b3 e4 27.Nh2 Ne5 28.f4 Nd3 29.Qe3 Bf6 30.Ne2 Kh8
31.Rb8 Qe7 32.Nf1 Qg7 33.Kh2 Bd4 34.Nxd4 cxd4 35.Qg3 Qf6 36.Qg5 Qxg5 37.fxg5 Nc5
38.Ng3 d3 39.Rxc8 Rxc8 40.Nxf5 Rf8 41.Ne3 Rg7 42.h4 Rgg8 43.Kg3 Rb8 44.Rd1 h6
45.Kg4 Rb2 46.g3 Rf2 47.a4 Rf3 48.Ng2 h5+ 49.Kxh5 e3 50.Kg4 e2 51.Rd2 Rf2
52.Ne1 Rb8 53.Bb5 axb5 54.axb5 Re8 55.b6 Rf1 56.Ng2 Rg1 57.Nf4 e1=Q 58.Ra2 Qxg3+
59.Kf5 Rf8+ 60.Kg6 Rg8+ 61.Kh6 Qxh4+  0-1

[Event "36th Zurich Christmas Open"]
[Site "Zuerich SUI"]
[Date "2012.12.28"]
[Round "4.9"]
[White "Pelletier,Y"]
[Black "Weindl,A"]
[Result "1-0"]
[WhiteElo "2604"]
[BlackElo "2295"]

1.Nf3 Nf6 2.c4 g6 3.Nc3 Bg7 4.d4 O-O 5.e4 d6 6.Be2 e5 7.O-O exd4 8.Nxd4 Re8
9.f3 Nc6 10.Be3 Nh5 11.Qd2 Nf4 12.Rf2 Nxd4 13.Bxd4 Bxd4 14.Qxd4 Qg5 15.Kh1 c6
16.Bf1 Be6 17.Rd1 a6 18.Rfd2 Rad8 19.Qe3 h6 20.g3 Nh3 21.Qxg5 Nxg5 22.Be2 f5
23.exf5 Bxf5 24.Rxd6 Rxd6 25.Rxd6 Kg7 26.Kg2 Nf7 27.Rd2 Ne5 28.Kf2 Re7 29.c5 Be6
30.b4 Bf5 31.Rd4 g5 32.a3 Bg6 33.Nd1 Bf5 34.Ne3 Be6 35.Re4 Kf6 36.Rd4 Nf7
37.Bc4 Ne5 38.Bxe6 Rxe6 39.Nf1 Ke7 40.Nd2 Nf7 41.Nc4 Rf6 42.Ke3 h5 43.Re4+ Kd8
44.Na5 Kc8 45.Re7 Kd8 46.Rxb7 Ne5 47.Ke4 Nxf3 48.Nxc6+ Kc8 49.Rg7  1-0

[Event "3rd Arco Christmas"]
[Site "Arco ITA"]
[Date "2012.12.29"]
[Round "5.11"]
[White "Mora,Mas"]
[Black "Petragnani,Alessandro"]
[Result "1/2-1/2"]
[WhiteElo "2011"]
[BlackElo "1922"]

1.Nf3 g6 2.c4 Bg7 3.Nc3 d6 4.d4 Nf6 5.e4 O-O 6.Be2 Nbd7 7.O-O e5 8.dxe5 Nxe5
9.Nxe5 dxe5 10.Qc2 c6 11.Be3 Qe7 12.Rad1 Ng4 13.Bxg4 Bxg4 14.f3 Be6 15.b3 f5
16.Rd2 f4 17.Bf2 b6 18.Rfd1 Rad8 19.Kf1 g5 20.a4 g4 21.c5 gxf3 22.gxf3 bxc5
23.Rxd8 Rxd8 24.Rxd8+ Qxd8 25.Bxc5 Bh3+ 26.Ke2 Qa5 27.b4 Qa6+ 28.b5 cxb5
29.Nxb5 Qg6 30.Qd1 Qg2+ 31.Bf2 Bf6 32.Nd6 Be6 33.Qg1 Qxg1 34.Bxg1 a6 35.Kd2 Bh3  1/2-1/2

[Event "21st Donau Open 2012"]
[Site "Aschach AUT"]
[Date "2012.12.29"]
[Round "5"]
[White "Diermair,A"]
[Black "Neuman,P"]
[Result "1/2-1/2"]
[WhiteElo "2407"]
[BlackElo "2471"]

1.d4 Nf6 2.c4 g6 3.Nf3 Bg7 4.Nc3 O-O 5.e4 d6 6.Be2 e5 7.O-O Na6 8.Be3 Qe8
9.dxe5 Ng4 10.Bg5 dxe5 11.h3 h6 12.Bc1 Nf6 13.Be3 Qe7 14.Nd5 Qd8 15.Qc2 Nd7
16.a3 Nac5 17.Rad1 Ne6 18.c5 c6 19.Nc3 Qe7 20.b4 Nf4 21.Bc4 Re8 22.Rd6 Nf8
23.Bxf4 exf4 24.e5 g5 25.Rfd1 g4 26.hxg4 Bxg4 27.Qe4 Bxf3 28.Qxf3 Qxe5 29.Ne2 Qe4
30.Nd4 Qxf3 31.Nxf3 Re4 32.Bd3 Re6 33.Bf5 Rxd6 34.Rxd6 a5 35.b5 cxb5 36.Rb6 b4
37.axb4 axb4 38.Rxb4 Ra1+ 39.Kh2 Rc1 40.Rxb7 Rxc5 41.Bd3 Rd5  1/2-1/2

[Event "2nd Erfurter WGM"]
[Site "Erfurt GER"]
[Date "2012.12.29"]
[Round "7.3"]
[White "Klek,H"]
[Black "Michna,Mart"]
[Result "0-1"]
[WhiteElo "2239"]
[BlackElo "2383"]

1.Nf3 Nf6 2.c4 g6 3.Nc3 Bg7 4.e4 d6 5.d4 O-O 6.Be2 Nbd7 7.O-O e5 8.Be3 c6
9.d5 c5 10.Rb1 Ng4 11.Bg5 f6 12.Bd2 Nh6 13.Qc1 Nf7 14.Bd3 Re8 15.a3 Nf8 16.b4 b6
17.Rb2 Bd7 18.Qc2 Qc8 19.Rfb1 f5 20.bxc5 bxc5 21.Nd1 Bf6 22.Ba5 f4 23.Rb7 Bd8
24.Bxd8 Qxd8 25.Qc3 g5 26.Nd2 g4 27.Bc2 Qh4 28.Rc7 Ng5 29.Rbb7 Re7 30.a4 Rg7
31.a5 g3 32.fxg3 fxg3 33.hxg3 Nh3+ 34.Kf1 Rxg3 35.Nf3 Qg4 36.Qd2 Rd8 37.Nf2 Rxf3
38.gxf3 Qg1+ 39.Ke2 Qxf2+ 40.Kd3 Qf1+ 41.Ke3 Qg1+ 42.Kd3 Nf4+  0-1

[Event "Groningen Open A"]
[Site "Groningen NED"]
[Date "2012.12.29"]
[Round "8.5"]
[White "Hausrath,D"]
[Black "Bok,B"]
[Result "1/2-1/2"]
[WhiteElo "2483"]
[BlackElo "2522"]

1.Nf3 g6 2.c4 Bg7 3.Nc3 Nf6 4.e4 d6 5.d4 O-O 6.Be2 e5 7.d5 a5 8.h3 Na6 9.Bg5 Qe8
10.Nd2 Nc5 11.g4 c6 12.Be3 Nfd7 13.Nf1 cxd5 14.cxd5 Nb6 15.Nb5 Qe7 16.Rc1 Bd7
17.Ng3 Rfc8 18.Qd2 Bf8 19.Kf1 Qe8 20.Na3 Rc7 21.Kg2 Nc8 22.h4 b5 23.h5 Nb6
24.g5 b4 25.Nc4 Nxc4 26.Bxc4 Rac8 27.b3 Rb8 28.Rh4 Bb5 29.Qd1 a4 30.Qh1 Bxc4
31.Rxc4 axb3 32.axb3 Rbb7 33.Qd1 Qc8 34.Rc1 Ra7 35.Rc4 Rab7 36.Qb1 Na6 37.Rxc7 Rxc7
38.Nf1 Be7 39.hxg6 fxg6 40.Rh3 Rc3 41.Ng3 Bd8 42.Qa2 Nc5 43.Qa7 Qc7 44.Qa8 Qd7
45.Bxc5 dxc5 46.Rh1 Rxb3 47.Ra1 Ra3 48.Rxa3 bxa3 49.Qxa3 Qd6 50.Qe3 c4 51.Qe2 c3
52.Qc4 Qc7 53.Qb3 Kg7 54.Qc2 Bxg5 55.Ne2 Bd2 56.Qd3 Kf6 57.d6 Qd7 58.f3 h5
59.Qd5 g5 60.Qc5 g4 61.f4 Bxf4 62.Nxc3 Qb7 63.Nd5+ Ke6 64.Nxf4+ exf4 65.Qf5+ Kxd6
66.Qxf4+ Kc5 67.Qe3+ Kc4 68.Kg3 Qb8+ 69.e5 Kd5 70.Qd2+ Ke6  1/2-1/2

[Event "Groningen Open A"]
[Site "Groningen NED"]
[Date "2012.12.29"]
[Round "8.23"]
[White "Estremera Panos,S"]
[Black "Kerigan,D"]
[Result "1-0"]
[WhiteElo "2367"]
[BlackElo "2233"]

1.d4 g6 2.c4 Bg7 3.e4 d6 4.Nc3 Nf6 5.Nf3 O-O 6.Be2 Nbd7 7.O-O e5 8.Be3 b6
9.Rb1 exd4 10.Nxd4 Bb7 11.f3 Re8 12.Qd2 c6 13.Nc2 Qc7 14.Rfd1 Re6 15.Rbc1 a6
16.Nd4 Ree8 17.b4 Rad8 18.Nb3 Ne5 19.Kh1 Ba8 20.Bg5 Re6 21.Nd5 Qb8 22.Nxf6+ Bxf6
23.Bxf6 Rxf6 24.f4 Nd7 25.Bg4 c5 26.Bxd7 Rxd7 27.e5 Rf5 28.bxc5 Qb7 29.c6 Qxc6
30.Nd4 Qe4 31.Nxf5 gxf5 32.Rc3 Kh8 33.Rg3  1-0

[Event "XXIII Krakow Open"]
[Site "Krakow POL"]
[Date "2012.12.29"]
[Round "3.21"]
[White "Wieczorek,O"]
[Black "Wee Chu En,K"]
[Result "1-0"]
[WhiteElo "2316"]
[BlackElo "2048"]

1.d4 Nf6 2.c4 g6 3.Nc3 Bg7 4.e4 d6 5.Nf3 O-O 6.Be2 e5 7.Be3 Ng4 8.Bg5 f6
9.Bh4 g5 10.Bg3 Nh6 11.c5 Be6 12.h3 Nf7 13.cxd6 cxd6 14.d5 Bc8 15.Nd2 a5
16.Bg4 Na6 17.Qe2 Nc5 18.a4 f5 19.Bxf5 Bxf5 20.exf5 Nh6 21.Nce4 Nxe4 22.Nxe4 Nxf5
23.O-O Nd4 24.Qg4 Rc8 25.Nxg5 Rc2 26.Ne6 Nxe6 27.dxe6 Qe8 28.Rad1 Rc6 29.Rd5 h5
30.Qe4 Qxe6 31.Rxa5 Rb6 32.Qe2 Qb3 33.Rd1 Rc8 34.Qxh5 Qxb2 35.Qf5 Rbc6 36.Rad5 R8c7
37.Rxd6 Rxd6 38.Rxd6 Qa1+ 39.Kh2 Rf7 40.Rd8+ Rf8 41.Rxf8+ Bxf8 42.Qe6+ Kh7
43.Bxe5  1-0

[Event "XXIII Krakow Open"]
[Site "Krakow POL"]
[Date "2012.12.29"]
[Round "3.10"]
[White "Maki Uuro,Mi"]
[Black "Hirneise,T"]
[Result "1/2-1/2"]
[WhiteElo "2342"]
[BlackElo "2457"]

1.Nf3 Nf6 2.c4 g6 3.Nc3 Bg7 4.e4 d6 5.d4 O-O 6.Be2 Nbd7 7.O-O e5 8.d5 Nh5
9.g3 Bf6 10.Ne1 Ng7 11.Nd3 Re8 12.Kh1 a5 13.Nb5 b6 14.Be3 Nc5 15.Nxc5 bxc5
16.a3 Bh3 17.Re1 Qd7 18.Bf1 Bxf1 19.Rxf1 Be7 20.Qe2 f5 21.f3 Rf8 22.Bd2 a4
23.g4 Rf7 24.Bh6 Kh8 25.Bxg7+ Rxg7 26.gxf5 gxf5 27.Rg1 Bg5 28.exf5 Rf8 29.Nc3 Rxf5
30.Ne4 Bh6 31.Rxg7 Qxg7 32.Rg1 Qf7 33.Rg3 Bf4 34.Rg2 Bh6 35.Rg3 Bf4 36.Rg2 Bh6  1/2-1/2

[Event "Pan-Am Intercollegiate 2012"]
[Site "Princeton USA"]
[Date "2012.12.29"]
[Round "4"]
[White "Sadorra,J"]
[Black "Diamant,A"]
[Result "0-1"]
[WhiteElo "2551"]
[BlackElo "2482"]

1.d4 Nf6 2.c4 g6 3.Nc3 Bg7 4.e4 d6 5.Nf3 O-O 6.Be2 e5 7.O-O Na6 8.Re1 Bg4
9.Be3 Bxf3 10.Bxf3 exd4 11.Bxd4 Nb4 12.e5 Nd7 13.Bxb7 Rb8 14.Bd5 Nxe5 15.Bxa7 Nxd5
16.Nxd5 Rxb2 17.Bd4 Rb7 18.f4 c5 19.Bc3 Nc6 20.Bxg7 Kxg7 21.a4 Nd4 22.a5 Rb2
23.Qg4 Re8 24.Qg5 Rxe1+ 25.Rxe1 Qxg5 26.fxg5 Ra2 27.Re8 h6 28.h4 hxg5 29.hxg5 Ne6
30.Ra8 Nxg5 31.Nc3 Ra1+ 32.Kh2 Ne6 33.Nb5 Nd4 34.a6 d5 35.Nd6 dxc4 36.Nxc4 Ra2
37.Ne5 f6 38.Ra7+ Kh6 39.Nf7+ Kh5 40.Kh3 Ra3+ 41.Kh2 Kg4 42.Rc7 Ra2 43.Nh6+ Kh4  0-1

[Event "XXIII Krakow Open"]
[Site "Krakow POL"]
[Date "2012.12.30"]
[Round "5.5"]
[White "Hansen,TR"]
[Black "Moranda,W"]
[Result "1/2-1/2"]
[WhiteElo "2444"]
[BlackElo "2559"]

1.d4 Nf6 2.c4 g6 3.Nc3 Bg7 4.e4 d6 5.Nf3 O-O 6.Be2 Nbd7 7.O-O e5 8.d5 Nc5
9.Nd2 a5 10.Qc2 Bh6 11.Nb3 Bxc1 12.Raxc1 Nfd7 13.Nd2 f5 14.exf5 gxf5 15.f4 exf4
16.Rxf4 Ne5 17.Nb3 Nxb3 18.axb3 Qg5 19.Rcf1 Ng6 20.R4f2 f4 21.Qd2 Bd7 22.Bd3 Bf5
23.Bxf5 Rxf5 24.Nb5 Rf7 25.Nd4 Qe5 26.Ne6 a4 27.bxa4 Rxa4 28.b3 Ra1 29.Rxa1 Qxa1+
30.Rf1 Qa7+ 31.Qf2 Qa3 32.Qf3 Qa7+ 33.Qf2 Qa3 34.Qf3 Qa7+  1/2-1/2

[Event "21st Donau Open 2012"]
[Site "Aschach AUT"]
[Date "2012.12.31"]
[Round "7"]
[White "Koziak,V"]
[Black "Burlacu,B"]
[Result "1-0"]
[WhiteElo "2503"]
[BlackElo "2276"]

1.d4 Nf6 2.c4 g6 3.Nc3 Bg7 4.e4 d6 5.Nf3 O-O 6.Be2 c6 7.O-O e5 8.d5 Na6 9.Nd2 Ne8
10.Rb1 Bh6 11.dxc6 bxc6 12.b4 Nac7 13.Nb3 Bxc1 14.Qxc1 Ne6 15.Rd1 Qh4 16.g3 Qh3
17.Bf3 h6 18.Bg2 Qh5 19.Qe3 Nf6 20.f3 Ne8 21.Na5 Nd4 22.Ne2 c5 23.bxc5 dxc5
24.Nb3 Nd6 25.Nxc5 Nxc4 26.Qd3 Nxe2+ 27.Qxe2 Nb6 28.a4 Qg5 29.a5 Qe7 30.Qb5  1-0

[Event "88th Hastings Masters"]
[Site "Hastings ENG"]
[Date "2013.01.02"]
[Round "6.31"]
[White "Hagen,Ande"]
[Black "Taylor,Adam C"]
[Result "1-0"]
[WhiteElo "2126"]
[BlackElo "1950"]

1.d4 Nf6 2.c4 g6 3.Nc3 Bg7 4.e4 d6 5.Be2 O-O 6.Nf3 e5 7.d5 a5 8.Bg5 h6 9.Bh4 Na6
10.Nd2 Qe8 11.a3 Bd7 12.b3 Nh7 13.Rb1 h5 14.f3 Bh6 15.O-O Be3+ 16.Kh1 Bc5
17.Qc1 f5 18.Na2 g5 19.Bf2 Bxf2 20.Rxf2 Qg6 21.b4 g4 22.fxg4 fxg4 23.Rxf8+ Rxf8
24.c5 Rf2 25.Qe1 g3 26.c6 Bg4 27.Nc3 Qg5 28.Nf1 h4 29.Bxg4 Qxg4 30.h3 Qf4
31.b5 Nc5 32.b6 cxb6 33.c7 Qf8 34.Ne3 Qc8 35.Nb5 Ng5 36.Nf5 Rxf5 37.exf5 Nd3
38.Qe3 Nf2+ 39.Kg1 Ngxh3+ 40.gxh3 Nxh3+ 41.Kh1 Nf2+ 42.Kg2 Qxf5 43.c8=Q+ Qxc8
44.Qg5+ Kf8 45.Qf6+ Kg8 46.Qg6+ Kf8 47.Qxd6+ Kf7 48.Qc7+ Qxc7 49.Nxc7 Ke7
50.Rxb6 Nd3 51.d6+ Kd7 52.Nd5 Ke6 53.Kh3 Nc5 54.Ne3 a4 55.Kxh4 Nd7 56.Rxb7 Kxd6
57.Kxg3 Kc6 58.Ra7 Nc5 59.Nc4 Kd5 60.Nb6+ Kd4 61.Nxa4 Nd3 62.Rd7+ Ke3 63.Nc3 e4
64.a4 Nc5 65.Rd5  1-0

[Event "XXIII Krakow Open"]
[Site "Krakow POL"]
[Date "2013.01.02"]
[Round "7.6"]
[White "Grinev,V"]
[Black "Malaniuk,V"]
[Result "0-1"]
[WhiteElo "2376"]
[BlackElo "2523"]

1.d4 d6 2.Nf3 Nf6 3.c4 Nbd7 4.Nc3 g6 5.e4 e5 6.Be2 Bg7 7.O-O O-O 8.Re1 Re8
9.Bf1 a6 10.Rb1 exd4 11.Nxd4 c6 12.b4 Ng4 13.h3 Qb6 14.hxg4 Qxd4 15.Bb2 h6
16.a3 Qxd1 17.Rbxd1 a5 18.b5 Nc5 19.bxc6 bxc6 20.Rxd6 Rb8 21.Ba1 Be5 22.Rdd1 Nb3
23.Bb2 Nc5 24.Ba1 Bxg4 25.f3 Nb3 26.Bb2 Be6 27.Na4 Bxb2 28.Nxb2 Nc5 29.Nd3 Nxd3
30.Rxd3 Bxc4 31.Rc3 Bxf1 32.Rxf1 Rb6 33.Rfc1 Reb8 34.Rxc6 Rxc6 35.Rxc6 Rb3
36.Ra6 Rxa3 37.Kh2 h5 38.Kg3 Ra2 39.e5 a4 40.Ra7 a3 41.f4 Ra1 42.Kh4 a2 43.Kg5 Kg7
44.f5 Re1 45.Rxa2 Rxe5 46.Rf2 Re4 47.fxg6 fxg6  0-1

[Event "XXIII Krakow Open"]
[Site "Krakow POL"]
[Date "2013.01.02"]
[Round "7.2"]
[White "Sieciechowicz,M"]
[Black "Moranda,W"]
[Result "1/2-1/2"]
[WhiteElo "2443"]
[BlackElo "2559"]

1.d4 Nf6 2.c4 g6 3.Nc3 Bg7 4.e4 d6 5.Nf3 O-O 6.Be2 Nbd7 7.O-O e5 8.Be3 c6
9.dxe5 dxe5 10.b4 Qe7 11.Qb3 Rd8 12.Rad1 Nh5 13.g3 Nf8  1/2-1/2

[Event "88th Hastings Masters"]
[Site "Hastings ENG"]
[Date "2013.01.03"]
[Round "7.13"]
[White "Hamitevici,V"]
[Black "Kirk,Ez"]
[Result "1-0"]
[WhiteElo "2440"]
[BlackElo "2254"]

1.d4 Nf6 2.c4 g6 3.Nc3 Bg7 4.e4 d6 5.Nf3 O-O 6.Be2 Na6 7.O-O e5 8.Be3 c6
9.d5 Ng4 10.Bg5 f6 11.Bh4 c5 12.Ne1 Nh6 13.f3 Nf7 14.Nd3 Bh6 15.Bf2 f5 16.a3 Bd7
17.b4 b6 18.Qb3 Rb8 19.Rfb1 Bd2 20.exf5 gxf5 21.Rb2 Bh6 22.Bf1 Bg7 23.Re1 Qf6
24.Nb5 Rbe8 25.Rbe2 Bxb5 26.cxb5 Nc7 27.a4 Kh8 28.bxc5 dxc5 29.Nxc5 bxc5
30.Bxc5 Nd6 31.Bxa7 Nb7 32.Rc2 Qf7 33.Rd1 e4 34.f4 Ra8 35.b6 Ne8 36.Qb4 Nf6
37.a5 Nxd5 38.Qb3 Nxf4 39.Qxf7 Rxf7 40.a6 Na5 41.g3 Ne6 42.Rd5 Nd4 43.Rc7 Rxc7
44.bxc7 Ne6 45.Bb8 Nxc7 46.Rd8+ Bf8 47.Rxf8+ Kg7 48.Rd8  1-0

[Event "88th Hastings Masters"]
[Site "Hastings ENG"]
[Date "2013.01.03"]
[Round "7.33"]
[White "Cafferty,B"]
[Black "Gibbs,Da"]
[Result "1-0"]
[WhiteElo "2105"]
[BlackElo "1795"]

1.c4 g6 2.Nc3 Bg7 3.d4 d6 4.e4 e5 5.d5 Nf6 6.Nf3 O-O 7.Be2 a5 8.O-O Na6 9.Qc2 Nc5
10.Re1 Bd7 11.Bf1 Qe8 12.Bd2 Nh5 13.Nb5 Qb8 14.Bxa5 Bxb5 15.cxb5 Rxa5 16.b4 Ra3
17.bxc5 Bh6 18.Nd2 Bxd2 19.Qxd2 dxc5 20.Qb2 Ra4 21.Qxe5 Re8 22.Qc3 Raxe4
23.Rxe4 Rxe4 24.Qxc5 Qd8 25.Rd1 Qd6 26.Rc1 Nf4 27.Qxd6 cxd6 28.g3 Nxd5 29.Rd1 Nc3
30.Rxd6 Nxa2 31.Rd7 Nc3 32.Rxb7 Rb4 33.h4 h5 34.Kg2 Kg7 35.Rc7 Ne4 36.Rc4 Rxc4
37.Bxc4 Nc5  1-0

[Event "25th Staufer Open"]
[Site "Schwaebisch Gmuend GER"]
[Date "2013.01.03"]
[Round "4.19"]
[White "Gebhardt,Uw"]
[Black "Schoenberger,P"]
[Result "1-0"]
[WhiteElo "1972"]
[BlackElo "2132"]

1.d4 Nf6 2.c4 g6 3.Nc3 Bg7 4.e4 d6 5.Be2 O-O 6.Nf3 e5 7.d5 a5 8.Bg5 h6 9.Bh4 Na6
10.Nd2 Bd7 11.O-O Qe8 12.f3 Nh5 13.Kh1 Kh8 14.Nb3 a4 15.Nc1 Nc5 16.Bf2 Qe7
17.Nb5 Bxb5 18.cxb5 f5 19.Bxc5 dxc5 20.g3 fxe4 21.fxe4 Rxf1+ 22.Qxf1 Rf8
23.Qg2 Qg5 24.Bxh5 gxh5 25.Qe2 h4 26.Kg2 h5 27.Nd3 b6 28.Rg1 Bh6 29.Kh3 Kh7
30.Rg2 c4 31.Ne1 hxg3 32.Rxg3 Qf4 33.Ng2 Qf7 34.Nh4 Qf1+ 35.Qxf1 Rxf1 36.Rc3 Rc1
37.Nf3 Rxc3 38.bxc3 Bf4 39.Kg2 Kg7 40.Kf2 Kf7 41.Ke2 Ke7 42.h3 Kd6 43.Nh4 Kc5
44.Nf5 a3 45.Ng7 Bh6 46.Nxh5 Kxb5 47.Nf6 Kc5 48.Ng4 Bg7 49.h4 b5 50.Kd2 Kd6
51.h5 Ke7 52.h6 Bh8 53.Ne3 Kd6 54.Nf5+ Kd7 55.h7 Bf6 56.Ne3 Kd6 57.Nc2 c6
58.dxc6 Kxc6 59.Nxa3 Kb6 60.Nc2 Kc5 61.Nb4  1-0

[Event "Australian Open 2013"]
[Site "Cammeray AUS"]
[Date "2013.01.05"]
[Round "4.28"]
[White "James,Laughlan"]
[Black "Viswanath,G"]
[Result "0-1"]
[WhiteElo "1865"]
[BlackElo "2030"]

1.d4 Nf6 2.c4 g6 3.Nc3 Bg7 4.e4 d6 5.Nf3 O-O 6.Be2 e5 7.Be3 Ng4 8.Bg5 f6
9.Bh4 g5 10.Bg3 Nc6 11.d5 Ne7 12.Nd2 Nh6 13.f3 f5 14.b4 Ng6 15.O-O Nf4 16.c5 Nxe2+
17.Qxe2 f4 18.Bf2 g4 19.fxg4 Nxg4 20.Nc4 Qg5 21.Qf3 Nxh2 22.Kxh2 Bg4 23.Qd3 Qh5+
24.Kg1 Rf6 25.Rfc1 Rh6 26.Kf1 Qh1+ 27.Bg1 f3 28.gxf3 Rf8 29.Nd2 Rh2 30.Ne2 Bxf3
31.Nxf3 Rxf3+ 32.Qxf3 Qxf3+ 33.Bf2 Qxf2+  0-1

[Event "11th Parsvnath Open"]
[Site "New Delhi IND"]
[Date "2013.01.05"]
[Round "2.10"]
[White "Saravanan,V1"]
[Black "Wan Yunguo"]
[Result "1/2-1/2"]
[WhiteElo "2389"]
[BlackElo "2497"]

1.Nf3 Nf6 2.c4 g6 3.Nc3 Bg7 4.e4 d6 5.d4 O-O 6.Be2 e5 7.Be3 Nbd7 8.O-O Re8
9.d5 Nh5 10.Re1 Nf4 11.Bf1 Nf6 12.h3 h6 13.Kh2 g5 14.g3 Nxh3 15.Bxh3 g4 16.Bg2 gxf3
17.Bxf3 Nh7 18.Bg4 Bxg4 19.Qxg4 Nf6 20.Qf3 Qd7 21.Kg2 Qg4 22.Rh1 Kh7 23.Rh4 Qxf3+
24.Kxf3 a6 25.Rah1 Ng8 26.g4 Kg6 27.Ne2 b5 28.c5 c6 29.dxc6 dxc5 30.Ng3 Re6
31.Nf5 Kh7 32.g5 Rxc6 33.gxh6 Bf8 34.Rd1 Rac8 35.Rd5 Ne7 36.Nxe7 Bxe7 37.Rg4 Bf6
38.Rg1 c4 39.Rd7 R8c7 40.Rxc7 Rxc7 41.Rd1 Rc6 42.Rd7 Kg6 43.Rb7 Bd8 44.Rb8 Bf6
45.Ke2  1/2-1/2

[Event "XLII Rilton Cup"]
[Site "Stockholm SWE"]
[Date "2013.01.05"]
[Round "9.31"]
[White "Ornstein,A"]
[Black "Johansen,St"]
[Result "1/2-1/2"]
[WhiteElo "2361"]
[BlackElo "2018"]

1.Nf3 Nf6 2.c4 g6 3.Nc3 Bg7 4.e4 d6 5.d4 O-O 6.Be2 e5 7.dxe5 dxe5 8.Qxd8 Rxd8
9.Bg5 c6 10.Nxe5 Re8 11.O-O-O Na6 12.Nf3 Bg4 13.e5 Nd7 14.e6 Bxe6 15.Nd4 Ndc5
16.Rhe1 Nb4 17.Be3 Bg4 18.Bxg4 Ncd3+ 19.Kd2 Nxe1 20.Kxe1 Bxd4 21.Rxd4 Nc2+
22.Kf1 Nxd4 23.Bxd4 f5 24.Be2 Rad8 25.Be3 Kf7 26.Ke1 b6 27.g3 c5 28.h4 Kg7
29.Bf3 Rd4 30.Be2 h6 31.Nb5 Rde4 32.Nd6 Rxe3 33.fxe3 Rxe3 34.Kf2 Re7 35.Nb5 Rd7
36.Ke3 g5 37.hxg5 hxg5 38.Bf3 Kf6 39.a3 Ke5 40.b4 a6 41.Nc3 Rd4 42.Be2 f4+
43.gxf4+ gxf4+ 44.Kf3 Rd2  1/2-1/2

[Event "18th Bosnjaci Open"]
[Site "Bosnjaci CRO"]
[Date "2013.01.06"]
[Round "5.22"]
[White "Babic,A"]
[Black "Lazor,V"]
[Result "1-0"]
[WhiteElo "2066"]
[BlackElo "2207"]

1.e4 d6 2.d4 g6 3.c4 Bg7 4.Nc3 Nf6 5.Nf3 O-O 6.Be2 e5 7.d5 a5 8.O-O Na6 9.h3 Nc5
10.Bd3 Nh5 11.Bc2 Nf4 12.Ne2 Nxe2+ 13.Qxe2 f5 14.exf5 gxf5 15.Rb1 Qf6 16.a3 a4
17.Bd2 e4 18.Ne1 Qg6 19.Bf4 Bd7 20.Kh2 Rae8 21.g3 Be5 22.Ng2 Qf6 23.b4 axb3
24.Bxb3 b6 25.Bc2 Ra8 26.f3 Bxf4 27.Nxf4 Rxa3 28.fxe4 Qc3 29.Rf2 Qxg3+ 30.Kh1 Kh8
31.e5 Re3 32.Qd2 Rxe5 33.Rg1 Qe3 34.Qd1 Ne4 35.Bxe4 Rxe4 36.Qh5 Rxf4 37.Qh6 Qe4+
38.Rgg2 Qe1+ 39.Kh2 Qe7 40.Rxf4 Qf6 41.Qxf6+ Rxf6 42.Ra2 Rf7 43.Ra7 Bc8 44.Ra8 Rf8
45.Kg3 Kg7 46.Rf2 Kf7 47.Ra7 Kf6 48.Rxc7 Ke5 49.Re2+ Kd4 50.Kf4 Ba6 51.Rc2 b5
52.cxb5 Bxb5 53.Rd2+ Bd3 54.Rxh7 Re8 55.Ra7 Re5 56.Kg5 Re3 57.h4 Rg3+ 58.Kf4 Rg4+
59.Kf3 Kc3 60.Rh2 Be4+ 61.Kf2 Rf4+ 62.Ke3 Rf3+ 63.Ke2 Kd4 64.h5 Rb3 65.Ra2 f4
66.h6 f3+ 67.Kf2 Rb7 68.Ra4+ Kd3 69.Kg3 Rh7 70.Rh4 Bxd5 71.Rhd4+ Ke3 72.Rxd5 Rxh6
73.Rf5 Rg6+ 74.Kh4 Rh6+ 75.Kg5 Rh1 76.Ra3+ Ke4 77.Rfxf3 Rg1+ 78.Kf6 d5 79.Rfe3+ Kd4
80.Rad3+ Kc4 81.Rd2 Rg4 82.Ke5 Rg5+ 83.Kf4 Rh5 84.Red3 Kc5 85.Rc2+ Kd6 86.Rc1 Rh4+
87.Kg5 Re4 88.Ra1 Re5+ 89.Kf4 Re4+ 90.Kf3  1-0

[Event "18th Bosnjaci Open"]
[Site "Bosnjaci CRO"]
[Date "2013.01.07"]
[Round "7.12"]
[White "Babic,Z"]
[Black "Plenkovic,Z"]
[Result "1/2-1/2"]
[WhiteElo "2193"]
[BlackElo "2380"]

1.Nf3 d6 2.c4 g6 3.Nc3 Bg7 4.d4 Nf6 5.e4 O-O 6.Be2 e5 7.d5 a5 8.Bg5 h6 9.Bh4 Na6
10.Nd2 Bd7 11.b3 Qe8 12.a3 Nh7 13.f3 h5 14.O-O Bh6 15.Rb1 Be3+ 16.Kh1 Bc5
17.Nb5 Qb8 18.Qc1 c6 19.dxc6 bxc6 20.Nc3 Qa7 21.Na4 Be3 22.Qc3 Bd4 23.Qc2 g5
24.Be1 Rfb8 25.f4 gxf4 26.Bxh5 Nf6 27.Qd1 Kg7 28.Bh4 Nxh5 29.Qxh5 f6 30.Bxf6+ Kxf6
31.Qh6+ Kf7 32.Qh7+ Kf8 33.Qh8+ Kf7 34.Qh5+  1/2-1/2